000 00262nam a2200097Ia 4500
008 170619s9999 xx 000 0 und d
100 _aMaitri- V
245 0 _aTheory and Applicition Ecoromocs in Highway and Transport Planning
260 _bStandard PUB
260 _c2010
546 _aENGLISH
999 _c21632
_d21632